| 000 | 00468nam a2200193Ia 4500 | ||
|---|---|---|---|
| 005 | 20240823014827.0 | ||
| 008 | 240823s9999||||xx |||||||||||||| ||und|| | ||
| 020 | _a81-224-0011-6 | ||
| 041 | _aENGLISH | ||
| 082 | _A658.01310 N2 | ||
| 100 | _aShenoy G V et al. | ||
| 245 | 0 | _aBusiness Statistics | |
| 250 | _aIst | ||
| 260 |
_bNew Age International (P _aNew Delhi |
||
| 500 | _aYES | ||
| 650 |
_aBusiness _bManagement Studies |
||
| 942 | _cBK | ||
| 999 |
_c171001 _d171001 |
||